[Event "Braga district-ch"]
[Site "Braga"]
[Date "2006.05.27"]
[Round "4"]
[White "Horta, Guilherme Manuel Ma"]
[Black "Silva, Tiago Miguel Gomes"]
[Result "0-1"]
[WhiteElo "1792"]
[BlackElo "2006"]
[PlyCount "54"]
[EventDate "2006.05.19"]
[EventType "swiss"]
[EventRounds "9"]
[EventCountry "POR"]
[SourceTitle "EXT 2008"]
[Source "ChessBase"]
[SourceDate "2007.11.25"]
[SourceVersion "1"]
[SourceVersionDate "2007.11.25"]
[SourceQuality "1"]

1. f4 Nf6 2. b3 g6 3. Nc3 Bg7 4. Bb2 0-0 5. e3 d6 6. Nf3 Nc6 7. a3 e5 8. fxe5 Nxe5 9. Be2 Ne4 10. Nxe4 Nxf3+ 11. Bxf3 Bxb2 12. Ra2 Be5 13. g3 d5 14. Nf2 h5 15. d4 Bg7 16. c3 Qe7 17. Qc1 c6 18. 0-0 h4 19. g4 Bh6 20. Re2 f5 21. h3 Qd6 22. Nd3 fxg4 23. Bxg4 Bxg4 24. hxg4 Qg3+ 25. Kh1 Qh3+ 26. Kg1 Bxe3+ 27. Rxe3 Rxf1+ 0-1

[Event "Guimaraes op"]
[Site "Guimaraes"]
[Date "2004.01.10"]
[Round "1.8"]
[White "Silva, Ivo Manuel Abreu E"]
[Black "Horta, Guilherme Manuel Ma"]
[Result "1-0"]
[WhiteElo "1500"]
[BlackElo "1568"]
[PlyCount "113"]
[EventDate "2004.01.10"]
[EventType "swiss"]
[EventRounds "4"]
[EventCountry "POR"]
[SourceTitle "CBM 098 Extra"]
[Source "ChessBase"]
[SourceDate "2004.03.10"]
[SourceVersion "2"]
[SourceVersionDate "2004.03.10"]
[SourceQuality "1"]

1. e4 e5 2. Nf3 d6 3. d4 Bg4 4. d5 c6 5. h3 Bh5 6. Nc3 Be7 7. Be2 Nf6 8. Bg5 h6 9. Bxf6 Bxf6 10. Nd2 Bg6 11. Bh5 Bxh5 12. Qxh5 g6 13. Qg4 Nd7 14. Qf3 Qe7 15. 0-0-0 a6 16. Nc4 c5 17. Na5 Ra7 18. Ne2 Bg7 19. Qb3 Nf6 20. Nc6 Qc7 21. Nxa7 Nxe4 22. Rhf1 0-0 23. Qa4 Nf6 24. Nc3 Qb6 25. Nc6 Qc7 26. Na5 b5 27. Nxb5 axb5 28. Qxb5 Rb8 29. Qa6 e4 30. Nc6 Rb6 31. Qa8+ Kh7 32. c3 Nd7 33. a4 Rb7 34. Qd8 Qb6 35. Qxb6 Nxb6 36. a5 Nc4 37. b4 Bxc3 38. a6 Rb5 39. a7 Nb6 40. bxc5 Rxc5 41. Kb1 Na8 42. Ka2 Ba5 43. Kb3 Bb6 44. Rfe1 f5 45. Re2 Kg7 46. Rc2 f4 47. Rxc5 Bxc5 48. Rd2 Kf6 49. Kc4 g5 50. Re2 f3 51. gxf3 exf3 52. Re8 Nb6+ 53. Kd3 Nxd5 54. Rf8+ Kg6 55. a8Q Nf4+ 56. Rxf4 gxf4 57. Qg8+ 1-0

[Event "Braga-ch"]
[Site "Guimaraes"]
[Date "2002.04.19"]
[Round "3.2"]
[White "Horta, Guilherme Manuel Ma"]
[Black "Guimaraes, Alvaro JE"]
[Result "0-1"]
[WhiteElo "1617"]
[BlackElo "2060"]
[PlyCount "52"]
[EventDate "2002.04.19"]
[EventType "swiss"]
[EventRounds "8"]
[EventCountry "POR"]
[SourceTitle "EXT 2003"]
[Source "ChessBase"]
[SourceDate "2002.11.25"]
[SourceVersion "1"]
[SourceVersionDate "2002.11.25"]
[SourceQuality "1"]

1. e4 e6 2. d4 d5 3. e5 c5 4. c3 Qb6 5. Nf3 Bd7 6. Bd3 Bb5 7. 0-0 Bxd3 8. Qxd3 Nc6 9. b3 Rc8 10. Be3 cxd4 11. Bxd4 Qc7 12. Nbd2 Nh6 13. h3 Nf5 14. Rac1 Ba3 15. Rc2 0-0 16. Re1 Nb4 17. cxb4 Qxc2 18. Qxc2 Rxc2 19. Bc5 Rc8 20. g4 b6 21. Bxb6 axb6 22. gxf5 Bxb4 23. fxe6 Bxd2 24. exf7+ Kxf7 25. Re2 Rc1+ 26. Kg2 Bf4 0-1